000 01417nam a22002657a 4500
003 NALT
005 20251125232848.0
008 th tha d
040 _aNALT
041 _atha
090 _aKI 24.1
_bธ339ค
110 2 _aสำนักพิมพ์ธรรมนิติ.
_960649
245 1 0 _aความรู้เกี่ยวกับการเสียภาษีของบุคคลธรรมดาและการขอรับใบผ่านภาษีอากรสำหรับคนต่างด้าว /
_cธรรมนิติ.
260 _aกรุงเทพฯ :
_bธรรมนิติการบัญชีและภาษีอากร,
_cม.ป.ป..
300 _a128 หน้า :
_bตาราง ;
_c29 ซม.
650 4 _aภาษี
_xกฎหมายและระเบียบข้อบังคับ
_914501
650 4 _aคนต่างด้าว
_99809
650 4 _aการจัดเก็บภาษี
_xคนต่างด้าว
_964569
650 4 _aภาษีเงินได้บุคคลธรรมดา
_919492
653 4 _aใบผ่านภาษีอากร
850 _aNALT
856 4 0 _uhttps://hdl.handle.net/20.500.14156/302150
942 _cLB
_2local
999 _c16785
_d16785
998 _j1020
_k นางจำเรียง ระวังสำโรง